<?xml version="1.0" encoding="UTF-8"?>
<collection xmlns="http://www.loc.gov/MARC21/slim">
 <record>
  <leader>00535pamaa2200169   4500</leader>
  <controlfield tag="001">0000017351</controlfield>
  <controlfield tag="005">20060601090000.0</controlfield>
  <datafield tag="020" ind1="0" ind2="0">
   <subfield code="a">0262610922 (pbk) </subfield>
  </datafield>
  <datafield tag="082" ind1=" " ind2=" ">
   <subfield code="a">338.973 KRU</subfield>
  </datafield>
  <datafield tag="090" ind1="0" ind2="0">
   <subfield code="a">HC106.8 </subfield>
   <subfield code="b">KRU 1994</subfield>
  </datafield>
  <datafield tag="100" ind1="1" ind2="0">
   <subfield code="a">KRUGMAN </subfield>
  </datafield>
  <datafield tag="245" ind1="1" ind2="4">
   <subfield code="a">The age of diminished expectations : </subfield>
   <subfield code="b">U.S. economic policy in the 1990s  </subfield>
   <subfield code="c">Paul Krugman.</subfield>
  </datafield>
  <datafield tag="250" ind1="0" ind2="0">
   <subfield code="a">3rd ed.</subfield>
  </datafield>
  <datafield tag="260" ind1="0" ind2="0">
   <subfield code="a">ix, 232p.: </subfield>
   <subfield code="b">23cm.</subfield>
  </datafield>
  <datafield tag="300" ind1=" " ind2=" ">
   <subfield code="a">Cambridge: </subfield>
   <subfield code="b">The MIT Press; </subfield>
   <subfield code="c">1994.</subfield>
  </datafield>
  <datafield tag="650" ind1="0" ind2="0">
   <subfield code="a">Economic forecasting -- </subfield>
   <subfield code="z">United States </subfield>
  </datafield>
  <datafield tag="651" ind1="0" ind2="0">
   <subfield code="a">United States -- </subfield>
   <subfield code="x">Economy policy -- </subfield>
   <subfield code="y">1981 </subfield>
  </datafield>
 </record>
</collection>
